000 00968nam a2200241 i 4500
003 IT-RoINE
005 20191007104948.0
008 001201m19981791sp |r 000|||spa|d
040 _aUSA.FVI
_dUPSA
_dIT-RoINE
_cesslup IT-RoINE
110 1 _916124
_aEspaña
245 1 0 _aRecopilación de leyes de los Reynos de las Indias.
250 _a[Ed. facs.]
260 _a[Madrid] :
_bCentro de Estudios Políticos y Constitucionales :
_bBoletín Oficial del Estado,
_c[1998]
300 _a3 v. ;
_c27 cm.
336 _2rdacontent
_atext
337 _2rdamedia
_aunmediated
338 _2rdacarrier
_avolume
500 _aOriginal poseído por la Biblioteca de la Facultad de Derecho, Universidad Complutense, Madrid.
534 _aReprod. facs. de la ed. de: Madrid : por la Viuda de Joaquín Ibarra, 1791.
650 0 4 _aDerecho
_zEspaña
_vLegislación
_vCodigos
_962309
651 4 _aEspaña
_xColonias
_zAmérica
_xAdministración
_xFuentes
_962567
942 _cMTS
999 _c32213
_d32213